• 首页
  • 本馆介绍
  • 公告通知
  • 最新文献
  • 馆藏检索
  • 电子资源
  • 读者导购
  • 参考咨询
  • 我的图书馆
  • 登录
  • 详细信息显示
  • 放入我的书架
  • 预约/预借图书
  • 作者相关作品
  • 分类相关作品
  • 丛书相关作品
  • 出版社相关作品

书目信息

  • 表格格式
  • 工作单格式
  • 卡片格式
题名:
现代电工电子技术
    
 
作者: 申永山 , 高有华 主编
分册:  
出版信息: 北京   机械工业出版社  2015.04
页数: 324页
开本: 26cm
丛书名:
单 册:
中图分类: TM-43 , TN01
科图分类:
主题词: 电工技术--高等教育--教材 , 电子技术--高等教育--教材
电子资源:
ISBN: 978-7-111-46059-6
000 01045nam0 2200301 450
001 0120151550834
005 20170418153133.90
010    @a978-7-111-46059-6@dCNY43.80
100    @a20150427d2015 em y0chiy50 ea
101 0  @achi
102    @aCN@b110000
105    @aak z 000yy
106    @ar
200 1  @a现代电工电子技术@9xian dai dian gong dian zi ji shu@f申永山,高有华主编
205    @a2版
210    @a北京@c机械工业出版社@d2015.04
215    @a324页@c图@d26cm
300    @a普通高等教育“十二五”规划教材
330    @a本书内容包括:电路的基本概念与定律、电路分析方法、正弦交流电路、三相交流电路、变压器、常用半导体器件、基本放大电路、集成运算放大电路、直流稳压电源、逻辑函数及其化简等。
333    @a高等理工科院校师生,从事相关工作人员
606 0  @a电工技术@x高等教育@j教材
606 0  @a电子技术@x高等教育@j教材
690    @aTM-43@v5
690    @aTN01@v5
701  0 @a申永山@9shen yong shan@4主编
701  0 @a高有华@9gao you hua@4主编
801  0 @aCN@b人天书店@c20150427
905    @b986502-05@dTM-43@e101=2@f4
    
    现代电工电子技术/申永山,高有华主编.-2版.-北京:机械工业出版社,2015.04
    324页:图;26cm
    普通高等教育“十二五”规划教材.-使用对象:高等理工科院校师生,从事相关工作人员
    
    ISBN 978-7-111-46059-6:CNY43.80
    本书内容包括:电路的基本概念与定律、电路分析方法、正弦交流电路、三相交流电路、变压器、常用半导体器件、基本放大电路、集成运算放大电路、直流稳压电源、逻辑函数及其化简等。
●
相关链接 在E读中查询图书 在五车中查询图书 在当当中查询图书 在豆瓣中查询图书


正题名:现代电工电子技术     索取号:TM-43/101=2         预约/预借

序号 登录号 条形码 馆藏地/架位号 状态 备注
1 986502   209865029   第二样本阅览室/ [索取号:TM-43/101=2] 在馆    
2 986503   209865038   第三借阅区/ [索取号:TM-43/101=2] 在馆    
3 986504   209865047   第三借阅区/ [索取号:TM-43/101=2] 在馆    
4 986505   209865056   密集书库-物理学院/ [索取号:TM-43/101=2] 在馆    
唐山师范学院图书馆 欢迎您!
大连网信软件有限公司© 版权所有